[Event "16. Torneo Magistral de Elgoibar"]
[Site "Elgoibar ESP"]
[Date "2006.12.12"]
[Round "1.1"]
[White "Gonzalez De la Torre, Santiago"]
[Black "Prie, Eric"]
[Result "1-0"]
[WhiteElo "2357"]
[BlackElo "2516"]
[PlyCount "149"]
[EventDate "2006.12.12"]
[EventType "tourn"]
[EventRounds "9"]
[EventCountry "ESP"]
[EventCategory "8"]
[Source "lmi"]
[SourceDate "2006.12.11"]

1. e4 d5 2. exd5 Qxd5 3. Nc3 Qa5 4. d4 Nf6 5. Nf3 c6 6. Bc4 Bf5 7. Bd2 e6 8.
Nd5 Qd8 9. Nxf6+ gxf6 10. c3 Nd7 11. Nh4 Nb6 12. Bb3 Bd3 13. Bh6 Bxh6 14. Qxd3
Qc7 15. O-O O-O-O 16. g3 Kb8 17. Qf3 Bg5 18. Ng2 f5 19. Qh5 Rhg8 20. a4 a5 21.
Rad1 Bf6 22. Qh6 Be7 23. c4 Bg5 24. Qh5 f4 25. Qxh7 Rg6 26. Qh5 Qe7 27. h4 Bf6
28. Nxf4 Rgg8 29. Ne2 Qb4 30. Rd3 Nxc4 31. Qxf7 Rgf8 32. Qxe6 Nd2 33. Rd1 Rfe8
34. Qxe8 Rxe8 35. R1xd2 Rd8 36. Kg2 Kc7 37. Rc2 Qe7 38. Re3 Qg7 39. Re4 Rh8 40.
Rc5 Kb6 41. h5 Qh7 42. Bc2 Qd7 43. Rf4 Be7 44. Rcf5 Bd6 45. Rh4 Qe6 46. Nc3 Qe1
47. Ne4 Be7 48. Rh1 Qe2 49. Bb1 Qxb2 50. d5 Bb4 51. dxc6 bxc6 52. Nf6 Qd2 53.
Be4 Rf8 54. h6 Qd4 55. h7 Rxf6 56. Rxf6 Qxe4+ 57. Rf3 Bc3 58. Rh4 Qd5 59. h8=Q
Bxh8 60. Rxh8 c5 61. Rb8+ Kc7 62. Rb5 Kc6 63. Rxa5 Qe4 64. Ra6+ Kd5 65. Ra8 c4
66. Rc8 Qe6 67. Rcf8 Kc5 68. a5 Qe4 69. R8f5+ Kc6 70. R5f4 Qd5 71. Kg1 Qd1+ 72.
Kh2 Kb5 73. Rc3 Qh5+ 74. Rh4 Qe2 75. Kg2 1-0

[Event "16. Torneo Magistral de Elgoibar"]
[Site "Elgoibar ESP"]
[Date "2006.12.12"]
[Round "1.2"]
[White "Argandoña Riveiro, Iñigo"]
[Black "Perez Candelario, Manuel"]
[Result "1-0"]
[WhiteElo "2396"]
[BlackElo "2496"]
[PlyCount "69"]
[EventDate "2006.12.12"]
[EventType "tourn"]
[EventRounds "9"]
[EventCountry "ESP"]
[EventCategory "8"]
[Source "lmi"]
[SourceDate "2006.12.11"]

1. d4 d5 2. c4 e6 3. Nc3 Nf6 4. Nf3 dxc4 5. e4 Bb4 6. Bg5 b5 7. a4 c6 8. e5 h6
9. exf6 hxg5 10. fxg7 Rg8 11. h4 g4 12. h5 Rxg7 13. Ne5 f5 14. Be2 Qf6 15. f3
Bb7 16. fxg4 Nd7 17. h6 Rh7 18. Qd2 fxg4 19. Nxg4 Qe7 20. Bf3 O-O-O 21. axb5 e5
22. bxc6 exd4+ 23. Kf1 Bxc6 24. Qxd4 Nb6 25. Qe5 Qf7 26. Nf6 Bxf3 27. gxf3 Bxc3
28. bxc3 Rd5 29. Qf4 Rd7 30. Rh4 Qg6 31. Nxd7 Qd3+ 32. Kg2 Rxd7 33. Qg4 Qd2+
34. Kh3 Qxc3 35. h7 1-0

[Event "16. Torneo Magistral de Elgoibar"]
[Site "Elgoibar ESP"]
[Date "2006.12.12"]
[Round "1.3"]
[White "Korneev, Oleg"]
[Black "Mirzoev, Azer"]
[Result "1/2-1/2"]
[WhiteElo "2657"]
[BlackElo "2543"]
[PlyCount "46"]
[EventDate "2006.12.12"]
[EventType "tourn"]
[EventRounds "9"]
[EventCountry "ESP"]
[EventCategory "8"]
[Source "lmi"]
[SourceDate "2006.12.11"]

1. e4 e6 2. d4 d5 3. Nc3 dxe4 4. Nxe4 Nd7 5. Nf3 Ndf6 6. Bd3 c5 7. O-O cxd4 8.
Nxd4 Nxe4 9. Bxe4 Nf6 10. Bf3 Be7 11. Re1 O-O 12. c3 Qc7 13. Nb5 Qb6 14. a4 Bc5
15. Qe2 a6 16. Na3 Qc7 17. Nc4 Nd5 18. Ne5 f6 19. Nd3 Bd6 20. g3 Bd7 21. Bxd5
exd5 22. Bf4 Rae8 23. Qf3 Bc6 1/2-1/2

[Event "16. Torneo Magistral de Elgoibar"]
[Site "Elgoibar ESP"]
[Date "2006.12.12"]
[Round "1.5"]
[White "Salgado Lopez, Ivan"]
[Black "Gomez Esteban, Mario"]
[Result "1/2-1/2"]
[WhiteElo "2425"]
[BlackElo "2486"]
[PlyCount "111"]
[EventDate "2006.12.12"]
[EventType "tourn"]
[EventRounds "9"]
[EventCountry "ESP"]
[EventCategory "8"]
[Source "lmi"]
[SourceDate "2006.12.11"]

1. e4 c6 2. d4 d5 3. Nc3 dxe4 4. Nxe4 Bf5 5. Ng3 Bg6 6. h4 h6 7. Nf3 Nd7 8. h5
Bh7 9. Bd3 Bxd3 10. Qxd3 e6 11. Bf4 Bb4+ 12. c3 Be7 13. Ne4 Ngf6 14. Nd6+ Bxd6
15. Bxd6 Qa5 16. Kf1 Qd5 17. Ba3 b5 18. b3 Qe4 19. Qd2 Qf5 20. Re1 a5 21. Kg1
b4 22. cxb4 a4 23. b5 Qxb5 24. Qb4 Nd5 25. Qd6 axb3 26. axb3 Qxb3 27. Bc5 Qb7
28. Qg3 Rg8 29. Bd6 N7f6 30. Ne5 Ne4 31. Rxe4 Qb1+ 32. Kh2 Qxe4 33. Bc5 Qf4 34.
Rb1 Qxg3+ 35. fxg3 f6 36. Nc4 O-O-O 37. Ra1 e5 38. Ra7 e4 39. Nd6+ Rxd6 40.
Bxd6 Re8 41. Kg1 e3 42. Kf1 e2+ 43. Ke1 Ne3 44. Ra8+ Kd7 45. Rxe8 Kxe8 46. Bc5
Nf5 47. g4 Ne3 48. Kxe2 Nxg4 49. Kf3 Nh2+ 50. Kf4 Kf7 51. Bb4 Nf1 52. g4 g6 53.
hxg6+ Kxg6 54. Be1 h5 55. gxh5+ Kxh5 56. Kf5 1/2-1/2

[Event "16. Torneo Magistral de Elgoibar"]
[Site "Elgoibar ESP"]
[Date "2006.12.13"]
[Round "2.1"]
[White "Prie, Eric"]
[Black "Gomez Esteban, Mario"]
[Result "1-0"]
[WhiteElo "2516"]
[BlackElo "2486"]
[PlyCount "119"]
[EventDate "2006.12.12"]
[EventType "tourn"]
[EventRounds "9"]
[EventCountry "ESP"]
[EventCategory "8"]
[Source "lmi"]
[SourceDate "2006.12.11"]

1. d4 d5 2. Nf3 Nf6 3. a3 Bf5 4. c4 e6 5. cxd5 exd5 6. Qb3 b6 7. Nc3 c6 8. Bf4
Bd6 9. Bxd6 Qxd6 10. e3 O-O 11. Be2 Nbd7 12. O-O c5 13. h3 c4 14. Qb4 Qe6 15.
b3 cxb3 16. Qxb3 h6 17. Nb5 Ne8 18. Nh4 Be4 19. Bg4 Qe7 20. Nf5 Bxf5 21. Bxf5
Ndf6 22. Rfc1 Nd6 23. Nxd6 Qxd6 24. Qb4 Rfd8 25. Qxd6 Rxd6 26. a4 g6 27. Bd3
Rd7 28. a5 bxa5 29. Rxa5 Rb8 30. g3 Rb2 31. Rc6 Kg7 32. Raa6 Ne4 33. Bxe4 dxe4
34. Rc5 Re7 35. g4 Rd2 36. Re5 Rxe5 37. dxe5 Rd7 38. Ra4 Kf8 39. Rxe4 a5 40.
Ra4 Ra7 41. Kf1 Ke7 42. Ke2 Ke6 43. f4 Kd5 44. Kd3 Kc5 45. Kc3 Kb5 46. Kb3 g5
47. Rd4 Kc5 48. Rd6 Rb7+ 49. Ka3 Rb4 50. Rxh6 Re4 51. fxg5 Kb5 52. Rf6 Rxe3+
53. Kb2 Rxh3 54. Rxf7 Re3 55. g6 Re4 56. g7 Rxg4 57. e6 Rg2+ 58. Kc3 Rg3+ 59.
Kd4 Rg4+ 60. Ke5 1-0

[Event "16. Torneo Magistral de Elgoibar"]
[Site "Elgoibar ESP"]
[Date "2006.12.13"]
[Round "2.2"]
[White "Kononenko, Tatiana"]
[Black "Salgado Lopez, Ivan"]
[Result "0-1"]
[WhiteElo "2375"]
[BlackElo "2425"]
[PlyCount "100"]
[EventDate "2006.12.12"]
[EventType "tourn"]
[EventRounds "9"]
[EventCountry "ESP"]
[EventCategory "8"]
[Source "lmi"]
[SourceDate "2006.12.11"]

1. d4 d5 2. c4 c6 3. Nf3 Nf6 4. e3 Bf5 5. Nc3 e6 6. Nh4 Be4 7. f3 Bg6 8. Qb3
Qc7 9. Bd2 Be7 10. Nxg6 hxg6 11. Rc1 Qb6 12. Be2 Nbd7 13. g3 O-O 14. cxd5 exd5
15. Kf2 Rfe8 16. h4 Bf8 17. g4 Re6 18. g5 Ne8 19. Na4 Qxb3 20. axb3 Nd6 21. Bd3
Rae8 22. Nc3 Nf5 23. Ne2 Bd6 24. e4 dxe4 25. fxe4 Rxe4 26. Bxe4 Rxe4 27. Kf3
Rxh4 28. Rxh4 Nxh4+ 29. Kg4 Nf5 30. Bf4 Bxf4 31. Kxf4 Nb6 32. Ra1 a6 33. Ke4 f6
34. Nc3 Ne7 35. Na4 Nbc8 36. Nc5 Nd6+ 37. Kd3 Nd5 38. Rg1 Kf7 39. Rh1 Kg8 40.
Rg1 Nf4+ 41. Kd2 Kf7 42. Rh1 fxg5 43. Rg1 Kf6 44. Rf1 Kf5 45. Ke3 Kg4 46. Rg1+
Kh4 47. Rh1+ Nh3 48. Ne6 Nf5+ 49. Kf3 g4+ 50. Kg2 Ne3+ 0-1

[Event "16. Torneo Magistral de Elgoibar"]
[Site "Elgoibar ESP"]
[Date "2006.12.13"]
[Round "2.3"]
[White "Mirzoev, Azer"]
[Black "Landenbergue, Claude"]
[Result "1-0"]
[WhiteElo "2543"]
[BlackElo "2446"]
[PlyCount "61"]
[EventDate "2006.12.12"]
[EventType "tourn"]
[EventRounds "9"]
[EventCountry "ESP"]
[EventCategory "8"]
[Source "lmi"]
[SourceDate "2006.12.11"]

1. d4 Nf6 2. Nf3 e6 3. c4 d5 4. Nc3 Bb4 5. Qa4+ Nc6 6. e3 O-O 7. Qc2 a6 8. a3
Be7 9. b4 dxc4 10. Bxc4 Bd6 11. O-O e5 12. h3 Qe7 13. Rd1 Bd7 14. d5 Nd8 15. e4
Nh5 16. Bd3 f6 17. g4 Nf4 18. Bxf4 exf4 19. e5 fxe5 20. Bxh7+ Kh8 21. Ne4 Nf7
22. Bg6 Nh6 23. Neg5 Ng8 24. Re1 Nf6 25. Bf5 Be8 26. Ne6 Rg8 27. Nxe5 Nxd5 28.
Qe4 c6 29. g5 Bh5 30. Ng6+ Bxg6 31. Bxg6 1-0

[Event "16. Torneo Magistral de Elgoibar"]
[Site "Elgoibar ESP"]
[Date "2006.12.13"]
[Round "2.4"]
[White "Perez Candelario, Manuel"]
[Black "Korneev, Oleg"]
[Result "1/2-1/2"]
[WhiteElo "2496"]
[BlackElo "2657"]
[PlyCount "152"]
[EventDate "2006.12.12"]
[EventType "tourn"]
[EventRounds "9"]
[EventCountry "ESP"]
[EventCategory "8"]
[Source "lmi"]
[SourceDate "2006.12.11"]

1. e4 c5 2. Nf3 d6 3. d4 cxd4 4. Nxd4 Nf6 5. Nc3 Nc6 6. Bg5 Qa5 7. Bxf6 gxf6 8.
Bb5 Bd7 9. Nb3 Qd8 10. Qh5 a6 11. Be2 Rg8 12. O-O Ne5 13. f4 Bg4 14. Bxg4 Qb6+
15. Kh1 Nxg4 16. Qh4 e6 17. Rf3 Be7 18. Qe1 h5 19. a4 Rc8 20. a5 Qa7 21. Rd1 b5
22. axb6 Qxb6 23. h3 Rh8 24. Qe2 Bd8 25. Nd2 Kf8 26. b3 Rxc3 27. Rxc3 Nf2+ 28.
Kh2 Nxd1 29. Qxd1 Qf2 30. Rf3 Qd4 31. Rd3 Qf2 32. Rf3 Qc5 33. Nc4 Bc7 34. Kh1
a5 35. Qa1 Rh6 36. f5 d5 37. exd5 exd5 38. Qa3 Qb4 39. Qxb4+ axb4 40. Ne3 d4
41. Nd5 Bd6 42. Rd3 Bc5 43. g3 Kg7 44. Rd2 Rh8 45. Re2 Bd6 46. Kg2 Rb8 47. Rd2
Rc8 48. Kf3 d3 49. cxd3 Rc1 50. d4 Rf1+ 51. Ke4 Re1+ 52. Kf3 Rf1+ 53. Ke4 Bxg3
54. Rd3 h4 55. Rf3 Rh1 56. Nxb4 Rxh3 57. Nd3 Rh1 58. Nf2 Re1+ 59. Kd3 Rb1 60.
Ne4 Rxb3+ 61. Ke2 Rb2+ 62. Kf1 Rb1+ 63. Kg2 Bb8 64. Rh3 Ba7 65. d5 Rg1+ 66. Kf3
Rf1+ 67. Kg4 Re1 68. Kf4 Rf1+ 69. Kg4 Rd1 70. Kxh4 Rxd5 71. Rg3+ Kf8 72. Rg8+
Ke7 73. Re8+ Kxe8 74. Nxf6+ Ke7 75. Nxd5+ Kd6 76. Nf4 Ke5 1/2-1/2

[Event "16. Torneo Magistral de Elgoibar"]
[Site "Elgoibar ESP"]
[Date "2006.12.13"]
[Round "2.5"]
[White "Gonzalez De la Torre, Santiago"]
[Black "Argandoña Riveiro, Iñigo"]
[Result "1-0"]
[WhiteElo "2357"]
[BlackElo "2396"]
[PlyCount "85"]
[EventDate "2006.12.12"]
[EventType "tourn"]
[EventRounds "9"]
[EventCountry "ESP"]
[EventCategory "8"]
[Source "lmi"]
[SourceDate "2006.12.11"]

1. e4 c5 2. Nf3 d6 3. d4 cxd4 4. Nxd4 Nf6 5. Nc3 g6 6. Be3 Bg7 7. f3 Nc6 8. Qd2
O-O 9. Bc4 Bd7 10. O-O-O Rb8 11. Bb3 Na5 12. Bh6 Bxh6 13. Qxh6 b5 14. g4 b4 15.
Nd5 Nxb3+ 16. Nxb3 Nxd5 17. exd5 e5 18. dxe6 Bxe6 19. Nd4 Qf6 20. Kb1 Rb6 21.
Rhe1 Ra6 22. b3 d5 23. Qd2 Rb8 24. Qe2 Rbb6 25. Qe5 Qxe5 26. Rxe5 Ra5 27. Kb2
Rba6 28. Ra1 h6 29. h4 Kf8 30. h5 g5 31. Re2 Ke7 32. c3 bxc3+ 33. Kxc3 Kf6 34.
Kb4 Ra3 35. Nb5 Rxb3+ 36. Kxb3 Rb6 37. a4 a6 38. Kb4 axb5 39. axb5 Rb8 40. Ra6
d4 41. Rd6 Rc8 42. Rxd4 Rc1 43. Re3 1-0

[Event "16. Torneo Magistral de Elgoibar"]
[Site "Elgoibar ESP"]
[Date "2006.12.13"]
[Round "3.1"]
[White "Argandoña Riveiro, Iñigo"]
[Black "Prie, Eric"]
[Result "1-0"]
[WhiteElo "2396"]
[BlackElo "2516"]
[PlyCount "97"]
[EventDate "2006.12.12"]
[EventType "tourn"]
[EventRounds "9"]
[EventCountry "ESP"]
[EventCategory "8"]
[Source "lmi"]
[SourceDate "2006.12.11"]

1. d4 d5 2. c4 c6 3. Nf3 Nf6 4. Nc3 a6 5. e3 b5 6. c5 Bg4 7. h3 Bxf3 8. gxf3
Nbd7 9. f4 g6 10. b4 a5 11. Qb3 axb4 12. Qxb4 Qa5 13. Qxa5 Rxa5 14. Bd2 Ra3 15.
Nb1 Ra7 16. Bd3 Bg7 17. a4 O-O 18. Ra3 Rfa8 19. axb5 Rxa3 20. Nxa3 Rxa3 21.
bxc6 Nf8 22. c7 Ra8 23. Ba6 Rxa6 24. c8=Q Ra1+ 25. Ke2 Rxh1 26. c6 Ne4 27. c7
Ra1 28. f3 Nd6 29. Qd8 Ra4 30. Qxd6 exd6 31. c8=Q h6 32. Qc6 Ra7 33. Qxd6 Kh7
34. Qxd5 Ne6 35. f5 gxf5 36. Qxf5+ Kg8 37. d5 Nf8 38. Qc8 Kh7 39. Bc3 Ra2+ 40.
Kf1 Ra3 41. Bxg7 Kxg7 42. Qg4+ Kh7 43. Qb4 Ra1+ 44. Kf2 Ra2+ 45. Kg3 Kg7 46. h4
Nh7 47. Qg4+ Kf8 48. Qc8+ Kg7 49. d6 1-0

[Event "16. Torneo Magistral de Elgoibar"]
[Site "Elgoibar ESP"]
[Date "2006.12.13"]
[Round "3.2"]
[White "Korneev, Oleg"]
[Black "Gonzalez De la Torre, Santiago"]
[Result "1/2-1/2"]
[WhiteElo "2657"]
[BlackElo "2357"]
[PlyCount "63"]
[EventDate "2006.12.12"]
[EventType "tourn"]
[EventRounds "9"]
[EventCountry "ESP"]
[EventCategory "8"]
[Source "lmi"]
[SourceDate "2006.12.11"]

1. e4 e5 2. Nf3 d6 3. d4 exd4 4. Nxd4 Nf6 5. Nc3 Be7 6. Bf4 O-O 7. Qd2 c6 8.
O-O-O d5 9. exd5 Nxd5 10. Nxd5 Qxd5 11. Nb3 Qxd2+ 12. Nxd2 Rd8 13. Bc4 Bf5 14.
Rhe1 Kf8 15. Nf3 Rxd1+ 16. Rxd1 Bg4 17. Rd3 Nd7 18. h3 Bf5 19. Rd1 Nb6 20. Bb3
Rd8 21. Nd4 Bc8 22. Bb8 Bg4 23. hxg4 Rxb8 24. Nf5 Bg5+ 25. Kb1 g6 26. Nd6 Rd8
27. c3 Rd7 28. Kc2 Bf4 29. Nxf7 Nd5 30. Bxd5 cxd5 31. g3 Rxf7 32. gxf4 1/2-1/2

[Event "16. Torneo Magistral de Elgoibar"]
[Site "Elgoibar ESP"]
[Date "2006.12.13"]
[Round "3.3"]
[White "Landenbergue, Claude"]
[Black "Perez Candelario, Manuel"]
[Result "1/2-1/2"]
[WhiteElo "2446"]
[BlackElo "2496"]
[PlyCount "44"]
[EventDate "2006.12.12"]
[EventType "tourn"]
[EventRounds "9"]
[EventCountry "ESP"]
[EventCategory "8"]
[Source "lmi"]
[SourceDate "2006.12.11"]

1. e4 e5 2. Nf3 Nc6 3. Nc3 Nf6 4. Bb5 Bd6 5. O-O O-O 6. d3 h6 7. Ne2 Re8 8. Ng3
a6 9. Ba4 b5 10. Bb3 Na5 11. Re1 Bb7 12. h3 Bf8 13. Bd2 Nxb3 14. axb3 d5 15.
Qe2 Nd7 16. Nh2 Qf6 17. Qg4 Rad8 18. Nf5 c6 19. Qg3 Qe6 20. Qh4 Qf6 21. Qg3 Qe6
22. Qh4 Qf6 1/2-1/2

[Event "16. Torneo Magistral de Elgoibar"]
[Site "Elgoibar ESP"]
[Date "2006.12.13"]
[Round "3.4"]
[White "Salgado Lopez, Ivan"]
[Black "Mirzoev, Azer"]
[Result "1/2-1/2"]
[WhiteElo "2425"]
[BlackElo "2543"]
[PlyCount "29"]
[EventDate "2006.12.12"]
[EventType "tourn"]
[EventRounds "9"]
[EventCountry "ESP"]
[EventCategory "8"]
[Source "lmi"]
[SourceDate "2006.12.11"]

1. e4 d5 2. exd5 Nf6 3. Nf3 Nxd5 4. d4 Bf5 5. Bd3 Bxd3 6. Qxd3 c6 7. O-O e6 8.
c4 Nf6 9. Rd1 Be7 10. b3 O-O 11. Bb2 Nbd7 12. Nc3 Qa5 13. d5 cxd5 14. cxd5 exd5
15. Nxd5 1/2-1/2

[Event "16. Torneo Magistral de Elgoibar"]
[Site "Elgoibar ESP"]
[Date "2006.12.13"]
[Round "3.5"]
[White "Gomez Esteban, Mario"]
[Black "Kononenko, Tatiana"]
[Result "1-0"]
[WhiteElo "2486"]
[BlackElo "2375"]
[PlyCount "121"]
[EventDate "2006.12.12"]
[EventType "tourn"]
[EventRounds "9"]
[EventCountry "ESP"]
[EventCategory "8"]
[Source "lmi"]
[SourceDate "2006.12.11"]

1. e4 e6 2. d4 d5 3. Nd2 c5 4. Ngf3 cxd4 5. exd5 Qxd5 6. Bc4 Qd6 7. O-O Nf6 8.
Nb3 Nc6 9. Nbxd4 Nxd4 10. Nxd4 Bd7 11. Bb3 Be7 12. c3 O-O 13. Qf3 Qc7 14. Re1
Bd6 15. h3 e5 16. Nc2 Bc6 17. Qf5 Nd5 18. Ne3 Nf4 19. Ng4 Bd7 20. Qg5 Ng6 21.
Be3 Be7 22. Qh5 Kh8 23. Rad1 f5 24. Nh2 e4 25. Bd4 Bc6 26. g3 Bd6 27. Nf1 f4
28. g4 e3 29. Bc2 Be8 30. fxe3 f3 31. Kf2 Bh2 32. Rd2 Rd8 33. Red1 Bf7 34. Qc5
b6 35. Qxc7 Bxc7 36. Ng3 Ne5 37. Nf5 Bc4 38. Nxg7 Rxd4 39. cxd4 Kxg7 40. dxe5
Bxe5 41. Rd7+ Kf6 42. b3 Be2 43. R1d5 h5 44. Bd1 Ke6 45. Bxe2 Bg3+ 46. Kf1
fxe2+ 47. Kxe2 hxg4 48. hxg4 Rf2+ 49. Kd3 Rxa2 50. Ke4 Rb2 51. Rxa7 Rxb3 52.
Rb7 Bf2 53. Rd3 Rb4+ 54. Kf3 Bh4 55. Rc3 Kd6 56. Rh7 Bg5 57. Rg7 Rb5 58. Rg6+
Kd7 59. Ra3 Be7 60. Ra7+ Ke8 61. Re6 1-0

[Event "16. Torneo Magistral de Elgoibar"]
[Site "Elgoibar ESP"]
[Date "2006.12.13"]
[Round "4.1"]
[White "Prie, Eric"]
[Black "Kononenko, Tatiana"]
[Result "1/2-1/2"]
[WhiteElo "2516"]
[BlackElo "2375"]
[PlyCount "60"]
[EventDate "2006.12.12"]
[EventType "tourn"]
[EventRounds "9"]
[EventCountry "ESP"]
[EventCategory "8"]
[Source "lmi"]
[SourceDate "2006.12.11"]

1. d4 d5 2. Nf3 Nf6 3. a3 c6 4. Bf4 Bf5 5. e3 e6 6. c4 Bd6 7. Bxd6 Qxd6 8. Qb3
Qc7 9. Nbd2 Nbd7 10. Rc1 O-O 11. Bd3 Bxd3 12. Qxd3 Rfe8 13. cxd5 exd5 14. Qf5
a5 15. O-O a4 16. Rfd1 h6 17. h3 Qd6 18. Ne1 Ne4 19. Nd3 Nxd2 20. Rxd2 Ra5 21.
Qh5 Rb5 22. Qd1 Ra8 23. Rdc2 Rb3 24. Rc3 Rxc3 25. Rxc3 Qc7 26. Nc5 Nxc5 27.
Rxc5 Qe7 28. b4 axb3 29. Qxb3 Ra6 30. a4 b5 1/2-1/2

[Event "16. Torneo Magistral de Elgoibar"]
[Site "Elgoibar ESP"]
[Date "2006.12.13"]
[Round "4.2"]
[White "Mirzoev, Azer"]
[Black "Gomez Esteban, Mario"]
[Result "1-0"]
[WhiteElo "2543"]
[BlackElo "2496"]
[PlyCount "144"]
[EventDate "2006.12.12"]
[EventType "tourn"]
[EventRounds "9"]
[EventCountry "ESP"]
[EventCategory "8"]
[Source "lmi"]
[SourceDate "2006.12.11"]

1. c4 e5 2. Nc3 Nf6 3. Nf3 Nc6 4. e3 d5 5. cxd5 Nxd5 6. Qc2 Be7 7. a3 a6 8. Be2
f5 9. d3 Be6 10. O-O O-O 11. Nxd5 Bxd5 12. e4 Be6 13. exf5 Bxf5 14. Be3 Kh8 15.
Rfe1 Qd5 16. Nd2 Nd4 17. Bxd4 Qxd4 18. Nf3 Qd6 19. Bf1 Bf6 20. Nd2 c6 21. Ne4
Qd4 22. Re3 Bd8 23. Nc5 Bb6 24. Rc1 Bg6 25. Ne6 Qd5 26. Nxf8 Rxf8 27. Rce1 Bxe3
28. Rxe3 h6 29. g3 Qd4 30. Qb3 Qd6 31. Qxb7 Qf6 32. Re2 Bxd3 33. Rd2 Bxf1 34.
Kxf1 e4 35. Qb6 Qg5 36. Ke1 Qh5 37. Rd8 Rxd8 38. Qxd8+ Kh7 39. Qd4 Qf3 40. h4
a5 41. Qc4 h5 42. Qd4 Kh8 43. Qe5 a4 44. Qd4 Kh7 45. Qc5 Qh1+ 46. Kd2 Qf3 47.
Qe3 Qf5 48. Qe2 g6 49. Qe3 Qe5 50. Ke1 c5 51. Qf4 Qd4 52. Qf7+ Kh6 53. Qf4+ Kg7
54. Qd2 Kf6 55. Qe2 Kf5 56. Qd2 Ke6 57. Qg5 Kf7 58. Qf4+ Ke6 59. Kf1 Qd3+ 60.
Kg2 Qd4 61. Qf8 Qd5 62. Qg8+ Ke5 63. Qxg6 e3+ 64. Kh2 Kd4 65. fxe3+ Kc4 66.
Qc2+ Kb5 67. e4 Qb3 68. Qe2+ c4 69. e5 Qd3 70. Qf2 Qe4 71. Qd2 Kc6 72. Qg2 Kd5
1-0

[Event "16. Torneo Magistral de Elgoibar"]
[Site "Elgoibar ESP"]
[Date "2006.12.13"]
[Round "4.3"]
[White "Perez Candelario, Manuel"]
[Black "Salgado Lopez, Ivan"]
[Result "1/2-1/2"]
[WhiteElo "2496"]
[BlackElo "2425"]
[PlyCount "39"]
[EventDate "2006.12.12"]
[EventType "tourn"]
[EventRounds "9"]
[EventCountry "ESP"]
[EventCategory "8"]
[Source "lmi"]
[SourceDate "2006.12.11"]

1. e4 e5 2. Nf3 Nc6 3. Bb5 Nd4 4. Nxd4 exd4 5. O-O Bc5 6. b4 Bb6 7. Na3 a6 8.
Ba4 Ne7 9. c4 c5 10. Qh5 Qc7 11. bxc5 Bxc5 12. Nc2 O-O 13. d3 d6 14. Bb2 Qa5
15. Bb3 Qb6 16. Rab1 Bd7 17. Kh1 Kh8 18. Ne1 f5 19. Nf3 f4 20. Ng5 1/2-1/2

[Event "16. Torneo Magistral de Elgoibar"]
[Site "Elgoibar ESP"]
[Date "2006.12.13"]
[Round "4.4"]
[White "Gonzalez De la Torre, Santiago"]
[Black "Landenbergue, Claude"]
[Result "1/2-1/2"]
[WhiteElo "2357"]
[BlackElo "2446"]
[PlyCount "38"]
[EventDate "2006.12.12"]
[EventType "tourn"]
[EventRounds "9"]
[EventCountry "ESP"]
[EventCategory "8"]
[Source "lmi"]
[SourceDate "2006.12.11"]

1. e4 c5 2. Nf3 e6 3. d4 cxd4 4. Nxd4 Nc6 5. Nc3 Qc7 6. Be3 a6 7. Qd2 Nf6 8.
O-O-O Bb4 9. f3 Ne7 10. Nde2 d5 11. a3 Bxc3 12. Nxc3 dxe4 13. Bb5+ Bd7 14. Bb6
Qxb6 15. Bxd7+ Kf8 16. Nxe4 Ned5 17. Nxf6 Nxf6 18. Ba4 Ke7 19. Bb3 Qc5 1/2-1/2

[Event "16. Torneo Magistral de Elgoibar"]
[Site "Elgoibar ESP"]
[Date "2006.12.13"]
[Round "4.5"]
[White "Argandoña Riveiro, Iñigo"]
[Black "Korneev, Oleg"]
[Result "1/2-1/2"]
[WhiteElo "2396"]
[BlackElo "2657"]
[PlyCount "61"]
[EventDate "2006.12.12"]
[EventType "tourn"]
[EventRounds "9"]
[EventCountry "ESP"]
[EventCategory "8"]
[Source "lmi"]
[SourceDate "2006.12.11"]

1. d4 d5 2. c4 c6 3. Nc3 Nf6 4. Nf3 e6 5. Bg5 dxc4 6. a4 b5 7. axb5 cxb5 8.
Nxb5 Qb6 9. Na3 Ne4 10. Nxc4 Qb4+ 11. Ncd2 Nxg5 12. Nxg5 Qxd4 13. e3 Qd7 14.
Qb3 Bb7 15. Bb5 Bc6 16. Bxc6 Nxc6 17. O-O h6 18. Ngf3 Be7 19. Rfc1 Nb4 20. Rc4
Rb8 21. Rd4 Qb5 22. Rxa7 Bc5 23. Rxf7 Kxf7 24. Ne5+ Ke7 25. Ng6+ Kf7 26. Rf4+
Kxg6 27. Qxe6+ Kh7 28. Qf5+ Kg8 29. Qf7+ Kh7 30. Qf5+ Kg8 31. Qf7+ 1/2-1/2

[Event "16. Torneo Magistral de Elgoibar"]
[Site "Elgoibar ESP"]
[Date "2006.12.14"]
[Round "5.1"]
[White "Korneev, Oleg"]
[Black "Prie, Eric"]
[Result "1-0"]
[WhiteElo "2657"]
[BlackElo "2516"]
[PlyCount "55"]
[EventDate "2006.12.12"]
[EventType "tourn"]
[EventRounds "9"]
[EventCountry "ESP"]
[EventCategory "8"]
[Source "lmi"]
[SourceDate "2006.12.11"]

1. e4 d5 2. exd5 Qxd5 3. Nf3 Bg4 4. d4 Bxf3 5. gxf3 Nc6 6. Be3 O-O-O 7. Nc3 Qa5
8. a3 Nf6 9. b4 Qh5 10. f4 Qh4 11. Qd3 Ng4 12. Bg2 Nxe3 13. Qxe3 e6 14. b5 Ne7
15. Qf3 Nd5 16. Ne2 Bd6 17. c4 Nxf4 18. Qxb7+ Kd7 19. c5 Nd3+ 20. Kd2 Nxc5 21.
dxc5 Bxc5 22. Kc2 Qa4+ 23. Kb2 Ke7 24. Qxc7+ Kf6 25. Qxc5 Rd2+ 26. Kc1 Rxe2 27.
Qc3+ Kg6 28. Qd3+ 1-0

[Event "16. Torneo Magistral de Elgoibar"]
[Site "Elgoibar ESP"]
[Date "2006.12.14"]
[Round "5.2"]
[White "Landenbergue, Claude"]
[Black "Argandoña Riveiro, Iñigo"]
[Result "1/2-1/2"]
[WhiteElo "2446"]
[BlackElo "2396"]
[PlyCount "63"]
[EventDate "2006.12.12"]
[EventType "tourn"]
[EventRounds "9"]
[EventCountry "ESP"]
[EventCategory "8"]
[Source "lmi"]
[SourceDate "2006.12.11"]

1. e4 c5 2. c3 d5 3. exd5 Qxd5 4. d4 Nc6 5. Nf3 e5 6. dxe5 Qxd1+ 7. Kxd1 Bg4 8.
Bf4 Nge7 9. Be2 Ng6 10. Bg3 O-O-O+ 11. Nbd2 h5 12. h3 Bxf3 13. Bxf3 Ngxe5 14.
Be4 g6 15. Kc2 f5 16. Bxc6 Nxc6 17. Rad1 Bd6 18. Bxd6 Rxd6 19. Nc4 Rxd1 20.
Rxd1 Kc7 21. Re1 Kd7 22. a4 Rh7 23. Ne5+ Nxe5 24. Rxe5 Re7 25. Rxe7+ Kxe7 26.
Kd3 Kd6 27. Kc4 Kc6 28. h4 b6 29. b4 a6 30. b5+ axb5+ 31. axb5+ Kd6 32. f4
1/2-1/2

[Event "16. Torneo Magistral de Elgoibar"]
[Site "Elgoibar ESP"]
[Date "2006.12.14"]
[Round "5.3"]
[White "Salgado Lopez, Ivan"]
[Black "Gonzalez De la Torre, Santiago"]
[Result "1-0"]
[WhiteElo "2425"]
[BlackElo "2357"]
[PlyCount "47"]
[EventDate "2006.12.12"]
[EventType "tourn"]
[EventRounds "9"]
[EventCountry "ESP"]
[EventCategory "8"]
[Source "lmi"]
[SourceDate "2006.12.11"]

1. d4 Nf6 2. Nf3 g6 3. c4 Bg7 4. Nc3 d5 5. e3 O-O 6. Qb3 c6 7. h3 dxc4 8. Bxc4
b5 9. Be2 Be6 10. Qc2 b4 11. Ne4 Nxe4 12. Qxe4 Bf5 13. Qh4 h6 14. Bd2 c5 15.
dxc5 Bxb2 16. O-O Bxa1 17. Rxa1 e6 18. Qxh6 Qf6 19. Rc1 Nc6 20. e4 a5 21. exf5
exf5 22. Bg5 Qh8 23. Qxh8+ Kxh8 24. Bf6+ 1-0

[Event "16. Torneo Magistral de Elgoibar"]
[Site "Elgoibar ESP"]
[Date "2006.12.14"]
[Round "5.4"]
[White "Gomez Esteban, Mario"]
[Black "Perez Candelario, Manuel"]
[Result "1/2-1/2"]
[WhiteElo "2486"]
[BlackElo "2496"]
[PlyCount "42"]
[EventDate "2006.12.12"]
[EventType "tourn"]
[EventRounds "9"]
[EventCountry "ESP"]
[EventCategory "8"]
[Source "lmi"]
[SourceDate "2006.12.11"]

1. d4 d5 2. c4 e6 3. Nc3 Nf6 4. cxd5 exd5 5. Bg5 Be7 6. e3 Nbd7 7. Bd3 O-O 8.
Nf3 Re8 9. O-O c6 10. Qc2 Nf8 11. h3 Be6 12. Rab1 N6d7 13. Bf4 a5 14. a3 Ng6
15. Bh2 Bf8 16. Rfe1 Kh8 17. Bg3 Nb6 18. e4 dxe4 19. Nxe4 Bd5 20. Ne5 Nd7 21.
Nc3 Be6 1/2-1/2